000 00672nam a2200181Ia 4500
001 11115
003 GE_BSU
008 181216s||||||||xx |||||||||||||| ||und||
040 _cGE_BSU
245 _aПрограммирование на С/С++ №7(127). июль. 2014
245 _bЖурнал для профессионалов.
260 _aМосква
260 _c2014
300 _a23стр,29см
520 _aЕжемесячное издание для разработчиков приложениий и программных компонентов на языках С/С++.
653 _aПрограммирование на С/С++
942 _cCR
999 _c44354
_d44354